NCAA Basketball All-Americans - Statistics

General Stats
  • This quiz has been taken 98 times
  • The average score is 258 of 1172
Answer Stats
Year All American Team Player Team % Correct
1968-69 3rd Bobby Smith Tulsa
86%
2024-25 1st Braden Smith Purdue
86%
1988-89 2nd Charles Smith Georgetown
86%
2005-06 3rd Craig Smith Boston College
86%
2004-05 3rd Deron Williams Illinois
86%
2010-11 2nd Derrick Williams Arizona
86%
1990-91 3rd Doug Smith Missouri
86%
1989-90 2nd Doug Smith Missouri
86%
2000-01 3rd Frank Williams Illinois
86%
1977-78 2nd Freeman Williams Portland State
86%
1976-77 3rd Freeman Williams Portland State
86%
2018-19 1st Grant Williams Tennessee
86%
1974-75 2nd Gus Williams Southern California
86%
1979-80 3rd Herb Williams Ohio State
86%
2021-22 2nd Jabari Smith Auburn
86%
2019-20 3rd Jalen Smith Maryland
86%
2001-02 1st Jay Williams Duke
86%
2000-01 1st Jay Williams Duke
86%
1994-95 1st Joe Smith Maryland
86%
1986-87 1st Kenny Smith North Carolina
86%
1987-88 3rd Michael Smith Brigham Young
86%
2010-11 1st Nolan Smith Duke
86%
1986-87 1st Reggie Williams Georgetown
86%
1980-81 3rd Rob Williams Houston
86%
2013-14 1st Russ Smith Louisville
86%
2012-13 3rd Russ Smith Louisville
86%
1967-68 3rd Sam Williams Iowa
86%
2005-06 1st Shelden Williams Duke
86%
2004-05 3rd Shelden Williams Duke
86%
1978-79 3rd Sly Williams Rhode Island
86%
1990-91 2nd Steve Smith Michigan State
86%
1989-90 3rd Steve Smith Michigan State
86%
2008-09 3rd Terrence Williams Louisville
86%
1991-92 2nd Walt Williams Maryland
86%
2015-16 1st Brice Johnson North Carolina
81%
2010-11 1st JaJuan Johnson Purdue
81%
1969-70 3rd John Johnson Iowa
81%
2022-23 3rd Keyontae Johnson Kansas State
81%
1990-91 1st Larry Johnson Nevada-Las Vegas
81%
1989-90 1st Larry Johnson Nevada-Las Vegas
81%
1978-79 1st Magic Johnson Michigan State
81%
1977-78 3rd Magic Johnson Michigan State
81%
1976-77 1st Marques Johnson UCLA
81%
2013-14 2nd Nick Johnson Arizona
81%
1958-59 3rd Ron Johnson Minnesota
81%
1980-81 2nd Steve Johnson Oregon State
81%
1978-79 2nd Vinnie Johnson Baylor
81%
2009-10 1st Wesley Johnson Syracuse
81%
2011-12 1st Anthony Davis Kentucky
80%
1964-65 3rd A.W. Davis Tennessee
79%
1998-99 3rd Baron Davis UCLA
79%
1971-72 2nd Dwight Davis Houston
79%
2005-06 3rd Glen Davis Louisiana State
79%
2021-22 1st Johnny Davis Wisconsin
79%
2023-24 1st RJ Davis North Carolina
79%
2022-23 1st Trayce Jackson-Davis Indiana
79%
2024-25 1st Cooper Flagg Duke
76%
2023-24 1st Zach Edey Purdue
76%
2022-23 1st Zach Edey Purdue
76%
1983-84 1st Michael Jordan North Carolina
74%
1982-83 1st Michael Jordan North Carolina
74%
1973-74 2nd Bobby Jones North Carolina
70%
2020-21 3rd Herb Jones Alabama
70%
2024-25 2nd Kameron Jones Marquette
70%
1955-56 2nd K.C. Jones San Francisco
70%
2011-12 2nd Kevin Jones West Virginia
70%
2019-20 3rd Tre Jones Duke
70%
1948-49 2nd Wah Wah Jones Kentucky
70%
1996-97 2nd Bobby Jackson Minnesota
66%
1991-92 1st Jim Jackson Ohio State
66%
1990-91 2nd Jim Jackson Ohio State
66%
2016-17 3rd Josh Jackson Kansas
66%
2016-17 1st Justin Jackson North Carolina
66%
2003-04 2nd Luke Jackson Oregon
66%
1986-87 2nd Mark Jackson St. John's (NY)
66%
1960-61 2nd Tony Jackson St. John's (NY)
66%
1959-60 1st Tony Jackson St. John's (NY)
66%
2002-03 1st David West Xavier
64%
2001-02 2nd David West Xavier
64%
1959-60 1st Jerry West West Virginia
64%
1958-59 1st Jerry West West Virginia
64%
1957-58 3rd Jerry West West Virginia
64%
2018-19 1st Zion Williamson Duke
64%
1994-95 2nd Corliss Williamson Arkansas
63%
1993-94 2nd Corliss Williamson Arkansas
63%
1978-79 1st Larry Bird Indiana State
63%
1977-78 1st Larry Bird Indiana State
63%
2008-09 1st Stephen Curry Davidson
63%
2007-08 2nd Stephen Curry Davidson
63%
1984-85 3rd A.C. Green Oregon State
61%
1962-63 3rd Bill Green Colorado State
61%
1986-87 1st David Robinson Navy
61%
1985-86 3rd David Robinson Navy
61%
2011-12 1st Draymond Green Michigan State
61%
2012-13 3rd Erick Green Virginia Tech
61%
1993-94 1st Glenn Robinson Purdue
61%
1992-93 2nd Glenn Robinson Purdue
61%
2006-07 3rd Jeff Green Georgetown
61%
1958-59 2nd Johnny Green Michigan State
61%
1957-58 3rd Johnny Green Michigan State
61%
2006-07 1st Kevin Durant Texas
61%
2004-05 3rd Nate Robinson Washington
61%
1976-77 1st Rickey Green Michigan
61%
1989-90 2nd Rumeal Robinson Michigan
61%
1955-56 1st Si Green Duquesne
61%
1954-55 2nd Si Green Duquesne
61%
2011-12 1st Thomas Robinson Kansas
61%
1971-72 3rd Wilbert Robinson West Virginia
61%
2004-05 1st Chris Paul Wake Forest
60%
2007-08 3rd Derrick Rose Memphis
60%
2023-24 3rd Caleb Love Arizona
59%
1983-84 2nd Devin Durrant Brigham Young
59%
2002-03 1st Dwyane Wade Marquette
59%
1993-94 2nd Jalen Rose Michigan
59%
1984-85 1st Patrick Ewing Georgetown
59%
1983-84 1st Patrick Ewing Georgetown
59%
1982-83 1st Patrick Ewing Georgetown
59%
2007-08 2nd D.J. White Indiana
57%
1968-69 2nd Jo Jo White Kansas
57%
1967-68 3rd Jo Jo White Kansas
57%
2007-08 1st Kevin Love UCLA
57%
1949-50 3rd Sherman White Long Island
57%
1996-97 1st Tim Duncan Wake Forest
57%
1995-96 1st Tim Duncan Wake Forest
57%
1994-95 3rd Tim Duncan Wake Forest
57%
1986-87 3rd Tony White Tennessee
57%
1974-75 1st David Thompson North Carolina State
56%
1973-74 1st David Thompson North Carolina State
56%
1972-73 1st David Thompson North Carolina State
56%
2005-06 2nd Dee Brown Illinois
56%
2004-05 2nd Dee Brown Illinois
56%
1985-86 2nd Dell Curry Virginia Tech
56%
2012-13 3rd Deshaun Thomas Ohio State
56%
1970-71 3rd Fred Brown Iowa
56%
1956-57 1st Gary Thompson Iowa State
56%
1980-81 1st Isiah Thomas Indiana
56%
1972-73 3rd John Brown Missouri
56%
1994-95 3rd Kurt Thomas Texas Christian
56%
1977-78 1st Mychal Thompson Minnesota
56%
1976-77 2nd Mychal Thompson Minnesota
56%
1991-92 1st Shaquille O'Neal Louisiana State
56%
1990-91 1st Shaquille O'Neal Louisiana State
56%
1998-99 1st Andre Miller Utah
54%
2022-23 1st Brandon Miller Alabama
54%
1956-57 2nd Frank Howard Ohio State
54%
2009-10 1st John Wall Kentucky
54%
2002-03 1st Josh Howard Wake Forest
54%
1993-94 3rd Juwan Howard Michigan
54%
2010-11 1st Kemba Walker Connecticut
54%
1967-68 1st Larry Miller North Carolina
54%
1966-67 2nd Larry Miller North Carolina
54%
2019-20 1st Markus Howard Marquette
54%
2018-19 2nd Markus Howard Marquette
54%
2008-09 1st Blake Griffin Oklahoma
53%
1961-62 1st Chet Walker Bradley
53%
1960-61 1st Chet Walker Bradley
53%
1959-60 2nd Chet Walker Bradley
53%
1982-83 2nd Darrell Walker Arkansas
53%
1983-84 1st Hakeem Olajuwon Houston
53%
1959-60 3rd Horace Walker Michigan State
53%
1966-67 1st Jimmy Walker Providence
53%
1965-66 2nd Jimmy Walker Providence
53%
1964-65 3rd Jimmy Walker Providence
53%
1968-69 1st Kareem Abdul-Jabbar UCLA
53%
1967-68 1st Kareem Abdul-Jabbar UCLA
53%
1966-67 1st Kareem Abdul-Jabbar UCLA
53%
1985-86 1st Kenny Walker Kentucky
53%
1984-85 2nd Kenny Walker Kentucky
53%
1968-69 3rd Neal Walk Florida
53%
1967-68 2nd Neal Walk Florida
53%
1977-78 3rd Rod Griffin Wake Forest
53%
1976-77 3rd Rod Griffin Wake Forest
53%
1970-71 1st Austin Carr Notre Dame
51%
1969-70 2nd Austin Carr Notre Dame
51%
2020-21 1st Cade Cunningham Oklahoma State
50%
1993-94 1st Grant Hill Duke
50%
1992-93 3rd Grant Hill Duke
50%
2015-16 3rd Grayson Allen Duke
50%
2018-19 1st Ja Morant Murray State
50%
1967-68 2nd Lucius Allen UCLA
50%
1983-84 3rd Michael Young Houston
50%
1995-96 1st Ray Allen Connecticut
50%
1994-95 3rd Ray Allen Connecticut
50%
2008-09 3rd Sam Young Pittsburgh
50%
2017-18 1st Trae Young Oklahoma
50%
1964-65 3rd Billy Cunningham North Carolina
49%
2002-03 2nd Carmelo Anthony Syracuse
49%
2010-11 2nd Kawhi Leonard San Diego State
49%
2010-11 2nd Marcus Morris Kansas
49%
2015-16 2nd Ben Simmons Louisiana State
47%
2018-19 2nd Carsen Edwards Purdue
47%
2017-18 3rd Carsen Edwards Purdue
47%
1988-89 2nd Jay Edwards Indiana
47%
1989-90 1st Lionel Simmons La Salle
47%
1988-89 3rd Lionel Simmons La Salle
47%
1953-54 2nd Slick Leonard Indiana
47%
1952-53 3rd Slick Leonard Indiana
47%
1948-49 2nd Bob Harris Oklahoma State
46%
2007-08 1st Chris Douglas-Roberts Memphis
46%
2003-04 2nd Devin Harris Wisconsin
46%
2015-16 3rd Jamal Murray Kentucky
46%
2006-07 2nd Joakim Noah Florida
46%
2024-25 2nd JT Toppin Texas Tech
46%
2014-15 2nd Karl-Anthony Towns Kentucky
46%
2021-22 1st Keegan Murray Iowa
46%
2022-23 3rd Kris Murray Iowa
46%
1993-94 3rd Lamond Murray California
46%
2003-04 1st Lawrence Roberts Mississippi State
46%
2019-20 1st Obi Toppin Dayton
46%
1957-58 1st Wilt Chamberlain Kansas
46%
1956-57 1st Wilt Chamberlain Kansas
46%
1995-96 1st Allen Iverson Georgetown
44%
1991-92 1st Christian Laettner Duke
44%
1990-91 2nd Christian Laettner Duke
44%
1992-93 1st Chris Webber Michigan
44%
2017-18 1st Jalen Brunson Villanova
44%
2008-09 1st James Harden Arizona State
44%
1993-94 1st Jason Kidd California
44%
2016-17 1st Lonzo Ball UCLA
44%
1993-94 2nd Melvin Booker Missouri
44%
1992-93 1st Anfernee Hardaway Memphis
43%
1973-74 1st Bill Walton UCLA
43%
1972-73 1st Bill Walton UCLA
43%
1971-72 1st Bill Walton UCLA
43%
2009-10 3rd Damion James Texas
43%
1975-76 3rd Earl Tatum Marquette
43%
2017-18 2nd Jevon Carter West Virginia
43%
1979-80 2nd Reggie Carter St. John's (NY)
43%
1998-99 3rd Tim James Miami (FL)
43%
1997-98 2nd Vince Carter North Carolina
43%
1955-56 1st Bill Russell San Francisco
41%
1954-55 1st Bill Russell San Francisco
41%
1973-74 3rd Campy Russell Michigan
41%
1965-66 1st Cazzie Russell Michigan
41%
1964-65 1st Cazzie Russell Michigan
41%
1963-64 2nd Cazzie Russell Michigan
41%
1984-85 1st Chris Mullin St. John's (NY)
41%
1983-84 2nd Chris Mullin St. John's (NY)
41%
2014-15 1st D'Angelo Russell Ohio State
41%
2009-10 2nd Da'Sean Butler West Virginia
41%
1981-82 2nd James Worthy North Carolina
41%
2020-21 1st Jared Butler Baylor
41%
2019-20 3rd Jared Butler Baylor
41%
2005-06 1st Adam Morrison Gonzaga
40%
2020-21 3rd Davion Mitchell Baylor
40%
1999-00 1st Kenyon Martin Cincinnati
40%
1965-66 3rd Bobby Lewis North Carolina
39%
1998-99 2nd Chris Porter Auburn
39%
1963-64 1st Cotton Nash Kentucky
39%
1962-63 2nd Cotton Nash Kentucky
39%
1961-62 2nd Cotton Nash Kentucky
39%
2017-18 1st Deandre Ayton Arizona
39%
1950-51 2nd Ernie Barrett Kansas State
39%
1970-71 3rd Howard Porter Villanova
39%
1968-69 3rd Howard Porter Villanova
39%
2009-10 2nd James Anderson Oklahoma State
39%
2010-11 1st Jimmer Fredette Brigham Young
39%
2024-25 1st Johni Broome Auburn
39%
2023-24 3rd Johni Broome Auburn
39%
1990-91 1st Kenny Anderson Georgia Tech
39%
1989-90 3rd Kenny Anderson Georgia Tech
39%
2013-14 3rd Kyle Anderson UCLA
39%
1967-68 3rd Mike Lewis Duke
39%
2012-13 1st Otto Porter Georgetown
39%
1997-98 1st Paul Pierce Kansas
39%
1998-99 3rd Quincy Lewis Minnesota
39%
1981-82 3rd Ricky Pierce Rice
39%
2018-19 1st R.J. Barrett Duke
39%
2024-25 1st Walter Clayton Florida
39%
1991-92 1st Alonzo Mourning Georgetown
37%
1989-90 2nd Alonzo Mourning Georgetown
37%
1988-89 3rd Alonzo Mourning Georgetown
37%
1982-83 2nd Clyde Drexler Houston
37%
2006-07 3rd Al Horford Florida
36%
1983-84 3rd Alvin Robertson Arkansas
36%
1967-68 2nd Don May Dayton
36%
1961-62 3rd Don Nelson Iowa
36%
2013-14 1st Doug McDermott Creighton
36%
2012-13 1st Doug McDermott Creighton
36%
2011-12 1st Doug McDermott Creighton
36%
2003-04 1st Emeka Okafor Connecticut
36%
1987-88 1st Gary Grant Michigan
36%
1989-90 1st Gary Payton Oregon State
36%
1956-57 2nd Grady Wallace South Carolina
36%
1986-87 2nd Horace Grant Clemson
36%
2013-14 1st Jabari Parker Duke
36%
2014-15 1st Jahlil Okafor Duke
36%
2003-04 1st Jameer Nelson Saint Joseph's
36%
2014-15 1st Jerian Grant Notre Dame
36%
2005-06 1st J.J. Redick Duke
36%
2004-05 1st J.J. Redick Duke
36%
1995-96 2nd John Wallace Syracuse
36%
1959-60 1st Oscar Robertson Cincinnati
36%
1958-59 1st Oscar Robertson Cincinnati
36%
1957-58 1st Oscar Robertson Cincinnati
36%
1994-95 2nd Rasheed Wallace North Carolina
36%
1975-76 1st Scott May Indiana
36%
1974-75 1st Scott May Indiana
36%
2004-05 2nd Sean May North Carolina
36%
2008-09 1st Tyler Hansbrough North Carolina
36%
2007-08 1st Tyler Hansbrough North Carolina
36%
2006-07 2nd Tyler Hansbrough North Carolina
36%
2005-06 3rd Tyler Hansbrough North Carolina
36%
1949-50 1st Bob Cousy Holy Cross
34%
1948-49 2nd Bob Cousy Holy Cross
34%
1947-48 3rd Bob Cousy Holy Cross
34%
1987-88 1st Danny Manning Kansas
34%
1986-87 1st Danny Manning Kansas
34%
1985-86 2nd Danny Manning Kansas
34%
1988-89 2nd Glen Rice Michigan
34%
2006-07 1st Greg Oden Ohio State
34%
2020-21 2nd Jalen Suggs Gonzaga
34%
1982-83 1st Ralph Sampson Virginia
34%
1981-82 1st Ralph Sampson Virginia
34%
1980-81 1st Ralph Sampson Virginia
34%
2013-14 2nd Andrew Wiggins Kansas
33%
2014-15 1st Frank Kaminsky Wisconsin
33%
2018-19 3rd Kyle Guy Virginia
33%
2017-18 3rd Kyle Guy Virginia
33%
1998-99 1st Richard Hamilton Connecticut
33%
1997-98 2nd Richard Hamilton Connecticut
33%
2006-07 3rd Aaron Brooks Oregon
31%
1976-77 3rd Bo Ellis Marquette
31%
2001-02 3rd Carlos Boozer Duke
31%
1982-83 1st Dale Ellis Tennessee
31%
1981-82 2nd Dale Ellis Tennessee
31%
2018-19 3rd De'Andre Hunter Virginia
31%
2009-10 1st DeMarcus Cousins Kentucky
31%
2016-17 2nd Dillon Brooks Oregon
31%
1998-99 1st Elton Brand Duke
31%
2009-10 1st Evan Turner Ohio State
31%
1971-72 2nd Henry Bibby UCLA
31%
2010-11 3rd Jordan Hamilton Texas
31%
1985-86 1st Len Bias Maryland
31%
1984-85 2nd Len Bias Maryland
31%
2020-21 1st Luka Garza Iowa
31%
2019-20 1st Luka Garza Iowa
31%
2024-25 1st Mark Sears Alabama
31%
2023-24 2nd Mark Sears Alabama
31%
2010-11 3rd MarShon Brooks Providence
31%
1979-80 2nd Michael Brooks La Salle
31%
1997-98 1st Mike Bibby Arizona
31%
2015-16 2nd Perry Ellis Kansas
31%
1978-79 3rd Roy Hamilton UCLA
31%
1979-80 1st Albert King Maryland
30%
2004-05 1st Andrew Bogut Utah
30%
1976-77 1st Bernard King Tennessee
30%
1975-76 3rd Bernard King Tennessee
30%
1964-65 1st Bill Bradley Princeton
30%
1963-64 1st Bill Bradley Princeton
30%
1962-63 2nd Bill Bradley Princeton
30%
1958-59 1st Bob Boozer Kansas State
30%
1957-58 2nd Bob Boozer Kansas State
30%
2022-23 1st Jalen Wilson Kansas
30%
1972-73 1st Kermit Washington American
30%
1995-96 1st Marcus Camby Massachusetts
30%
2000-01 2nd Michael Bradley Villanova
30%
2017-18 3rd Mikal Bridges Villanova
30%
2017-18 2nd Miles Bridges Michigan State
30%
1985-86 3rd Pearl Washington Syracuse
30%
1984-85 3rd Pearl Washington Syracuse
30%
2018-19 3rd PJ Washington Kentucky
30%
1978-79 2nd Reggie King Alabama
30%
1977-78 2nd Reggie King Alabama
30%
1975-76 2nd Richard Washington UCLA
30%
1988-89 1st Stacey King Oklahoma
30%
1971-72 3rd Brian Taylor Princeton
29%
2021-22 2nd Chet Holmgren Gonzaga
29%
2011-12 3rd Damian Lillard Weber State
29%
1981-82 3rd Dominique Wilkins Georgia
29%
1967-68 1st Elvin Hayes Houston
29%
1966-67 1st Elvin Hayes Houston
29%
2024-25 3rd Eric Dixon Villanova
29%
2010-11 2nd Jordan Taylor Wisconsin
29%
2001-02 1st Juan Dixon Maryland
29%
1959-60 2nd Lenny Wilkens Providence
29%
1999-00 2nd Morris Peterson Michigan State
29%
2011-12 3rd Tyshawn Taylor Kansas
29%
2015-16 1st Buddy Hield Oklahoma
27%
2014-15 3rd Buddy Hield Oklahoma
27%
1957-58 1st Elgin Baylor Seattle
27%
1956-57 2nd Elgin Baylor Seattle
27%
2016-17 1st Frank Mason Kansas
27%
1963-64 3rd Jim Barnes Texas-El Paso
27%
1961-62 2nd John Havlicek Ohio State
27%
1960-61 3rd John Havlicek Ohio State
27%
1973-74 1st Marvin Barnes Providence
27%
2012-13 1st Trey Burke Michigan
27%
1999-00 2nd Courtney Alexander Fresno State
26%
1982-83 2nd Derek Harper Illinois
26%
2009-10 3rd Greg Monroe Georgetown
26%
1964-65 1st Rick Barry Miami (FL)
26%
1990-91 3rd Rodney Monroe North Carolina State
26%
1985-86 2nd Ron Harper Miami (OH)
26%
1983-84 1st Sam Perkins North Carolina
26%
1982-83 3rd Sam Perkins North Carolina
26%
1992-93 1st Bobby Hurley Duke
24%
1991-92 3rd Bobby Hurley Duke
24%
1953-54 1st Bob Pettit Louisiana State
24%
1952-53 2nd Bob Pettit Louisiana State
24%
1951-52 2nd Bob Pettit Louisiana State
24%
1995-96 3rd Brian Evans Indiana
24%
1996-97 2nd Chauncey Billups Colorado
24%
1990-91 3rd Dikembe Mutombo Georgetown
24%
1979-80 2nd Don Collins Washington State
24%
1972-73 2nd Doug Collins Illinois State
24%
1994-95 1st Ed O'Bannon UCLA
24%
2000-01 2nd Jason Richardson Michigan State
24%
1994-95 1st Jerry Stackhouse North Carolina
24%
2017-18 3rd Keenan Evans Texas Tech
24%
1977-78 3rd Mike Evans Kansas State
24%
1969-70 1st Pete Maravich Louisiana State
24%
1968-69 1st Pete Maravich Louisiana State
24%
1967-68 1st Pete Maravich Louisiana State
24%
1981-82 3rd Ricky Frazier Missouri
24%
2009-10 2nd Sherron Collins Kansas
24%
2008-09 3rd Sherron Collins Kansas
24%
1975-76 1st Adrian Dantley Notre Dame
23%
1974-75 1st Adrian Dantley Notre Dame
23%
1980-81 2nd Al Wood North Carolina
23%
1997-98 1st Antawn Jamison North Carolina
23%
1996-97 2nd Antawn Jamison North Carolina
23%
1982-83 3rd Antoine Carr Wichita State
23%
1953-54 2nd Bevo Francis Rio Grande
23%
1952-53 3rd Bevo Francis Rio Grande
23%
1971-72 2nd Bob McAdoo North Carolina
23%
2007-08 3rd Brook Lopez Stanford
23%
2019-20 2nd Cassius Winston Michigan State
23%
2018-19 1st Cassius Winston Michigan State
23%
1992-93 3rd Chris Mills Arizona
23%
1993-94 3rd Damon Bailey Indiana
23%
2022-23 2nd Drew Timme Gonzaga
23%
2021-22 2nd Drew Timme Gonzaga
23%
2020-21 2nd Drew Timme Gonzaga
23%
2016-17 1st Josh Hart Villanova
23%
1996-97 1st Keith Van Horn Utah
23%
1995-96 2nd Keith Van Horn Utah
23%
1975-76 3rd Kenny Carr North Carolina State
23%
1983-84 2nd Leon Wood Cal State Fullerton
23%
2012-13 2nd Marcus Smart Oklahoma State
23%
2021-22 3rd Paolo Banchero Duke
23%
1998-99 2nd Steve Francis Maryland
23%
1969-70 1st Bob Lanier St. Bonaventure
21%
1968-69 2nd Bob Lanier St. Bonaventure
21%
1967-68 2nd Bob Lanier St. Bonaventure
21%
1977-78 1st Butch Lee Marquette
21%
1976-77 2nd Butch Lee Marquette
21%
1965-66 1st Clyde Lee Vanderbilt
21%
1964-65 2nd Clyde Lee Vanderbilt
21%
1994-95 1st Damon Stoudamire Arizona
21%
1989-90 1st Derrick Coleman Syracuse
21%
2007-08 3rd Eric Gordon Indiana
21%
2020-21 2nd Evan Mobley Southern California
21%
1987-88 1st Hersey Hawkins Bradley
21%
1984-85 1st Keith Lee Memphis
21%
1983-84 3rd Keith Lee Memphis
21%
1982-83 2nd Keith Lee Memphis
21%
1981-82 2nd Keith Lee Memphis
21%
1989-90 3rd Kendall Gill Illinois
21%
1980-81 1st Mark Aguirre DePaul
21%
1979-80 1st Mark Aguirre DePaul
21%
1997-98 1st Miles Simon Arizona
21%
1977-78 1st Phil Ford North Carolina
21%
1976-77 1st Phil Ford North Carolina
21%
1975-76 2nd Phil Ford North Carolina
21%
1975-76 2nd Ron Lee Oregon
21%
1974-75 3rd Ron Lee Oregon
21%
2000-01 1st Shane Battier Duke
21%
1999-00 2nd Shane Battier Duke
21%
2002-03 1st T.J. Ford Texas
21%
1958-59 2nd Tom Hawkins Notre Dame
21%
1957-58 3rd Tom Hawkins Notre Dame
21%
1967-68 1st Wes Unseld Louisville
21%
1966-67 1st Wes Unseld Louisville
21%
1947-48 3rd A.L. Bennett Oklahoma State
20%
1989-90 3rd Hank Gathers Loyola Marymount
20%
1988-89 3rd Hank Gathers Loyola Marymount
20%
1961-62 1st Jerry Lucas Ohio State
20%
1960-61 1st Jerry Lucas Ohio State
20%
1959-60 1st Jerry Lucas Ohio State
20%
2011-12 3rd John Jenkins Vanderbilt
20%
2003-04 3rd John Lucas Oklahoma State
20%
1975-76 1st John Lucas Maryland
20%
1974-75 2nd John Lucas Maryland
20%
1973-74 2nd John Lucas Maryland
20%
2002-03 3rd Kirk Hinrich Kansas
20%
2016-17 3rd Markelle Fultz Washington
20%
1999-00 2nd Mateen Cleaves Michigan State
20%
1998-99 1st Mateen Cleaves Michigan State
20%
1997-98 2nd Mateen Cleaves Michigan State
20%
2007-08 1st Michael Beasley Kansas State
20%
1975-76 2nd Robert Parish Centenary
20%
1983-84 2nd Sam Bowie Kentucky
20%
1980-81 3rd Sam Bowie Kentucky
20%
2012-13 1st Victor Oladipo Indiana
20%
1998-99 2nd Wally Szczerbiak Miami (OH)
20%
2006-07 1st Acie Law Texas A&M
19%
2010-11 2nd Ben Hansbrough Notre Dame
19%
1992-93 1st Calbert Cheaney Indiana
19%
1991-92 3rd Calbert Cheaney Indiana
19%
1990-91 3rd Calbert Cheaney Indiana
19%
1969-70 1st Calvin Murphy Niagara
19%
1968-69 1st Calvin Murphy Niagara
19%
1967-68 2nd Calvin Murphy Niagara
19%
2000-01 3rd Charlie Bell Michigan State
19%
2012-13 2nd Cody Zeller Indiana
19%
2014-15 2nd Delon Wright Utah
19%
2008-09 3rd Gerald Henderson Duke
19%
1992-93 1st Jamal Mashburn Kentucky
19%
1995-96 3rd Lonnie Wright Memphis
19%
2000-01 3rd Michael Wright Arizona
19%
1988-89 2nd Pervis Ellison Louisville
19%
2024-25 3rd Ryan Kalkbrenner Creighton
19%
2001-02 3rd Tayshaun Prince Kentucky
19%
2000-01 2nd Tayshaun Prince Kentucky
19%
1973-74 3rd Tom Henderson Hawaii
19%
2002-03 2nd Troy Bell Boston College
19%
2000-01 2nd Troy Bell Boston College
19%
2000-01 1st Troy Murphy Notre Dame
19%
1999-00 1st Troy Murphy Notre Dame
19%
2011-12 2nd Tyler Zeller North Carolina
19%
2005-06 1st Brandon Roy Washington
17%
1980-81 1st Danny Ainge Brigham Young
17%
2002-03 2nd Hollis Price Oklahoma
17%
2011-12 1st Jared Sullinger Ohio State
17%
2010-11 1st Jared Sullinger Ohio State
17%
1971-72 2nd Jim Price Louisville
17%
2024-25 2nd John Tonje Wisconsin
17%
2013-14 3rd Julius Randle Kentucky
17%
1976-77 1st Kent Benson Indiana
17%
1975-76 1st Kent Benson Indiana
17%
1985-86 3rd Mark Price Georgia Tech
17%
1984-85 2nd Mark Price Georgia Tech
17%
2019-20 1st Payton Pritchard Oregon
17%
1995-96 3rd Stephon Marbury Georgia Tech
17%
1992-93 3rd Allan Houston Tennessee
16%
1978-79 1st Bill Cartwright San Francisco
16%
1976-77 2nd Bill Cartwright San Francisco
16%
1973-74 2nd Billy Knight Pittsburgh
16%
2001-02 3rd Brandin Knight Pittsburgh
16%
2018-19 3rd Brandon Clarke Gonzaga
16%
1996-97 2nd Brevin Knight Stanford
16%
1991-92 2nd Byron Houston Oklahoma State
16%
2023-24 1st Dalton Knecht Tennessee
16%
2007-08 3rd Darren Collison UCLA
16%
1993-94 1st Donyell Marshall Connecticut
16%
1957-58 1st Guy Rodgers Temple
16%
1956-57 3rd Guy Rodgers Temple
16%
2024-25 3rd Hunter Dickinson Kansas
16%
2023-24 2nd Hunter Dickinson Kansas
16%
2020-21 2nd Hunter Dickinson Michigan
16%
2011-12 3rd Kendall Marshall North Carolina
16%
2002-03 1st Nick Collison Kansas
16%
1949-50 1st Paul Arizin Villanova
16%
1992-93 2nd Rodney Rogers Wake Forest
16%
2005-06 2nd Rudy Gay Connecticut
16%
1988-89 1st Sean Elliott Arizona
16%
1987-88 1st Sean Elliott Arizona
16%
2013-14 1st Shabazz Napier Connecticut
16%
1990-91 1st Stacey Augmon Nevada-Las Vegas
16%
1953-54 2nd Tom Marshall Western Kentucky
16%
1984-85 1st Xavier McDaniel Wichita State
16%
2006-07 3rd Aaron Gray Pittsburgh
14%
2005-06 3rd Allan Ray Villanova
14%
2020-21 1st Ayo Dosunmu Illinois
14%
1990-91 1st Billy Owens Syracuse
14%
1993-94 3rd B.J. Tyler Texas
14%
1969-70 2nd Charlie Scott North Carolina
14%
1968-69 2nd Charlie Scott North Carolina
14%
1980-81 2nd Darnell Valentine Kansas
14%
1989-90 2nd Dennis Scott Georgia Tech
14%
2015-16 1st Denzel Valentine Michigan State
14%
1996-97 3rd Ed Gray California
14%
2021-22 2nd Jaden Ivey Purdue
14%
2018-19 2nd Jarrett Culver Texas Tech
14%
1972-73 2nd Jim Brewer Minnesota
14%
2003-04 1st Josh Childress Stanford
14%
2005-06 2nd Leon Powe California
14%
2016-17 2nd Malik Monk Kentucky
14%
2019-20 1st Myles Powell Seton Hall
14%
2024-25 2nd PJ Haggerty Memphis
14%
1994-95 2nd Randolph Childress Wake Forest
14%
1977-78 2nd Ron Brewer Arkansas
14%
2007-08 2nd Roy Hibbert Georgetown
14%
2004-05 2nd Salim Stoudamire Arizona
14%
2023-24 3rd Terrence Shannon Illinois
14%
2023-24 2nd Tyler Kolek Marquette
14%
2022-23 3rd Tyler Kolek Marquette
14%
2006-07 1st Alando Tucker Wisconsin
13%
1958-59 3rd Bob Ferry Saint Louis
13%
1985-86 2nd Brad Daugherty North Carolina
13%
1994-95 3rd Bryant Reeves Oklahoma State
13%
1993-94 3rd Bryant Reeves Oklahoma State
13%
1988-89 1st Danny Ferry Duke
13%
1987-88 2nd Danny Ferry Duke
13%
1955-56 1st Darrell Floyd Furman
13%
1954-55 1st Darrell Floyd Furman
13%
1964-65 1st Gail Goodrich UCLA
13%
2015-16 2nd Georges Niang Iowa State
13%
2014-15 3rd Georges Niang Iowa State
13%
2022-23 2nd Jaime Jaquez UCLA
13%
2023-24 1st Jamal Shead Houston
13%
1998-99 1st Jason Terry Arizona
13%
2010-11 3rd Kenneth Faried Morehead State
13%
1993-94 2nd Khalid Reeves Arizona
13%
2021-22 1st Kofi Cockburn Illinois
13%
2020-21 2nd Kofi Cockburn Illinois
13%
2015-16 2nd Kris Dunn Providence
13%
1975-76 3rd Leon Douglas Alabama
13%
1974-75 2nd Leon Douglas Alabama
13%
2024-25 3rd LJ Cryer Houston
13%
2017-18 3rd Luke Maye North Carolina
13%
2019-20 2nd Malachi Flynn San Diego State
13%
1965-66 3rd Pat Riley Kentucky
13%
2005-06 2nd P.J. Tucker Texas
13%
1953-54 3rd Red Kerr Illinois
13%
2024-25 2nd RJ Luis St. John's
13%
1988-89 1st Sherman Douglas Syracuse
13%
1987-88 3rd Sherman Douglas Syracuse
13%
1981-82 1st Sleepy Floyd Georgetown
13%
1980-81 2nd Sleepy Floyd Georgetown
13%
1987-88 2nd Steve Kerr Arizona
13%
2008-09 3rd Toney Douglas Florida State
13%
1985-86 1st Walter Berry St. John's (NY)
13%
1984-85 1st Wayman Tisdale Oklahoma
13%
1983-84 1st Wayman Tisdale Oklahoma
13%
1982-83 1st Wayman Tisdale Oklahoma
13%
2014-15 1st Willie Cauley-Stein Kentucky
13%
1989-90 2nd Bo Kimble Loyola Marymount
11%
1979-80 1st Darrell Griffith Louisville
11%
1965-66 1st Dave Bing Syracuse
11%
2017-18 1st Devonte' Graham Kansas
11%
1991-92 1st Harold Miner Southern California
11%
1995-96 3rd Jason Sasser Texas Tech
11%
1987-88 2nd Jerome Lane Pittsburgh
11%
1986-87 3rd Jerome Lane Pittsburgh
11%
2004-05 3rd Joey Graham Oklahoma State
11%
1987-88 1st J.R. Reid North Carolina
11%
2015-16 1st Malcolm Brogdon Virginia
11%
2014-15 2nd Malcolm Brogdon Virginia
11%
2022-23 1st Marcus Sasser Houston
11%
2017-18 1st Marvin Bagley Duke
11%
1998-99 3rd Metta World Peace St. John's (NY)
11%
2011-12 3rd Michael Kidd-Gilchrist Kentucky
11%
2013-14 2nd Nik Stauskas Michigan
11%
2007-08 2nd Shan Foster Vanderbilt
11%
1968-69 1st Spencer Haywood Detroit
11%
2023-24 1st Tristen Newton Connecticut
11%
2022-23 3rd Armando Bacot North Carolina
10%
2003-04 3rd Chris Duhon Duke
10%
2021-22 3rd Collin Gillespie Villanova
10%
1961-62 3rd Dave DeBusschere Detroit
10%
2007-08 1st D.J. Augustin Texas
10%
1993-94 2nd Eric Montross North Carolina
10%
1992-93 2nd Eric Montross North Carolina
10%
2001-02 3rd Erwin Dudley Alabama
10%
1973-74 1st Jamaal Wilkes UCLA
10%
1972-73 2nd Jamaal Wilkes UCLA
10%
2006-07 2nd Jared Dudley Boston College
10%
1985-86 1st Johnny Dawkins Duke
10%
1984-85 2nd Johnny Dawkins Duke
10%
1995-96 1st Kerry Kittles Villanova
10%
1994-95 2nd Kerry Kittles Villanova
10%
1999-00 1st Marcus Fizer Iowa State
10%
1987-88 2nd Mark Macon Temple
10%
2022-23 3rd Markquis Nowell Kansas State
10%
1979-80 3rd Rolando Blackman Kansas State
10%
1985-86 2nd Scott Skiles Michigan State
10%
1994-95 1st Shawn Respert Michigan State
10%
1978-79 1st Sidney Moncrief Arkansas
10%
1977-78 3rd Sidney Moncrief Arkansas
10%
1986-87 1st Steve Alford Indiana
10%
1985-86 1st Steve Alford Indiana
10%
1955-56 1st Tom Heinsohn Holy Cross
10%
1954-55 3rd Tom Heinsohn Holy Cross
10%
2000-01 3rd Udonis Haslem Florida
10%
1970-71 1st Artis Gilmore Jacksonville
9%
1969-70 2nd Artis Gilmore Jacksonville
9%
1958-59 1st Bailey Howell Mississippi State
9%
1957-58 2nd Bailey Howell Mississippi State
9%
2002-03 3rd Brian Cook Illinois
9%
2020-21 1st Corey Kispert Gonzaga
9%
2008-09 2nd Hasheem Thabeet Connecticut
9%
2011-12 2nd Jae Crowder Marquette
9%
2008-09 2nd Jodie Meeks Kentucky
9%
1979-80 1st Joe Barry Carroll Purdue
9%
1978-79 3rd Joe Barry Carroll Purdue
9%
2009-10 2nd Jon Scheyer Duke
9%
2003-04 2nd Julius Hodge North Carolina State
9%
2002-03 2nd Kyle Korver Creighton
9%
2016-17 2nd Luke Kennard Duke
9%
2004-05 2nd Luther Head Illinois
9%
1999-00 3rd Mark Madsen Stanford
9%
2012-13 2nd Mason Plumlee Duke
9%
1992-93 3rd Nick Van Exel Cincinnati
9%
2021-22 1st Ochai Agbaji Kansas
9%
1976-77 2nd Otis Birdsong Houston
9%
1997-98 1st Raef LaFrentz Kansas
9%
1996-97 1st Raef LaFrentz Kansas
9%
1960-61 2nd Walt Bellamy Indiana
9%
2006-07 1st Arron Afflalo UCLA
7%
2023-24 3rd Baylor Scheierman Creighton
7%
1949-50 2nd Bill Sharman Southern California
7%
2014-15 2nd Bobby Portis Arkansas
7%
2018-19 3rd Dedric Lawson Kansas
7%
2008-09 1st DeJuan Blair Pittsburgh
7%
1962-63 3rd Eddie Miles Seattle
7%
1972-73 1st Ernie DiGregorio Providence
7%
1987-88 3rd Fennis Dembo Wyoming
7%
1992-93 2nd Isaiah Rider Nevada-Las Vegas
7%
1996-97 2nd Jacque Vaughn Kansas
7%
1995-96 2nd Jacque Vaughn Kansas
7%
2000-01 2nd Jamaal Tinsley Iowa State
7%
1970-71 1st Jim McDaniels Western Kentucky
7%
2023-24 2nd Kyle Filipowski Duke
7%
2016-17 3rd Lauri Markkanen Arizona
7%
1983-84 3rd Lorenzo Charles North Carolina State
7%
1966-67 3rd Mel Daniels New Mexico
7%
2001-02 2nd Mike Dunleavy Duke
7%
1967-68 3rd Mike Warren UCLA
7%
1988-89 2nd Mookie Blaylock Oklahoma
7%
2005-06 1st Randy Foye Villanova
7%
2003-04 3rd Rashad McCants North Carolina
7%
2004-05 3rd Raymond Felton North Carolina
7%
1996-97 1st Ron Mercer Kentucky
7%
1969-70 2nd Rudy Tomjanovich Michigan
7%
2018-19 2nd Rui Hachimura Gonzaga
7%
1999-00 3rd Scoonie Penn Ohio State
7%
1998-99 3rd Scoonie Penn Ohio State
7%
2009-10 1st Scottie Reynolds Villanova
7%
1981-82 1st Terry Cummings DePaul
7%
2013-14 2nd T.J. Warren North Carolina State
7%
1991-92 3rd Todd Day Arkansas
7%
1990-91 2nd Todd Day Arkansas
7%
1998-99 2nd Trajan Langdon Duke
7%
1997-98 3rd Trajan Langdon Duke
7%
2010-11 3rd Tu Holloway Xavier
7%
2008-09 2nd Ty Lawson North Carolina
7%
2019-20 2nd Udoka Azubuike Kansas
7%
1996-97 3rd Adonal Foyle Colgate
6%
1984-85 3rd Alfredrick Hughes Loyola (IL)
6%
1996-97 3rd Andre Woolridge Iowa
6%
2013-14 3rd Cleanthony Early Wichita State
6%
1969-70 1st Dan Issel Kentucky
6%
1968-69 2nd Dan Issel Kentucky
6%
1996-97 1st Danny Fortson Cincinnati
6%
1995-96 2nd Danny Fortson Cincinnati
6%
2023-24 2nd DaRon Holmes Dayton
6%
1986-87 3rd Derrick McKey Alabama
6%
1948-49 3rd Ernie Vandeweghe Colgate
6%
2018-19 2nd Ethan Happ Wisconsin
6%
2016-17 3rd Ethan Happ Wisconsin
6%
1970-71 3rd George McGinnis Indiana
6%
2004-05 1st Hakim Warrick Syracuse
6%
2003-04 3rd Hakim Warrick Syracuse
6%
1963-64 2nd Jeff Mullins Duke
6%
1958-59 1st Johnny Cox Kentucky
6%
1990-91 3rd Keith Jennings East Tennessee State
6%
2012-13 1st Kelly Olynyk Gonzaga
6%
1974-75 3rd Lionel Hollins Arizona State
6%
1994-95 2nd Lou Roe Massachusetts
6%
2009-10 3rd Luke Harangody Notre Dame
6%
2008-09 2nd Luke Harangody Notre Dame
6%
2007-08 2nd Luke Harangody Notre Dame
6%
1997-98 3rd Matt Harpring Georgia Tech
6%
2022-23 2nd Oscar Tshiebwe Kentucky
6%
2021-22 1st Oscar Tshiebwe Kentucky
6%
1955-56 1st Robin Freeman Ohio State
6%
1954-55 1st Robin Freeman Ohio State
6%
1995-96 3rd Shareef Abdur-Rahim California
6%
1970-71 1st Sidney Wicks UCLA
6%
1969-70 3rd Sidney Wicks UCLA
6%
1999-00 3rd Stromile Swift Louisiana State
6%
1992-93 2nd Terry Dehere Seton Hall
6%
1995-96 2nd Tony Delk Kentucky
6%
1976-77 3rd Tree Rollins Clemson
6%
1987-88 3rd Will Perdue Vanderbilt
6%
2015-16 3rd Yogi Ferrell Indiana
6%
2024-25 3rd Zakai Zeigler Tennessee
6%
1999-00 1st A.J. Guyton Indiana
4%
2006-07 3rd Al Thornton Florida State
4%
2012-13 2nd Ben McLemore Kansas
4%
1997-98 3rd Bonzi Wells Ball State
4%
1987-88 3rd Byron Larkin Xavier
4%
2020-21 3rd Cameron Krutwig Loyola Chicago
4%
1956-57 1st Chet Forte Columbia
4%
2020-21 3rd Chris Duarte Oregon
4%
1999-00 1st Chris Mihm Texas
4%
1993-94 1st Clifford Rozier Louisville
4%
1966-67 3rd Dave Lattin Texas-El Paso
4%
2019-20 2nd Devon Dotson Kansas
4%
1991-92 2nd Don MacLean UCLA
4%
2021-22 3rd E. J. Liddell Ohio State
4%
2009-10 2nd Greivis Vasquez Maryland
4%
1965-66 2nd Jack Marin Duke
4%
2015-16 2nd Jakob Poeltl Utah
4%
1980-81 3rd Jay Vincent Michigan State
4%
2008-09 2nd Jerel McNeal Marquette
4%
1952-53 1st Johnny O'Brien Seattle
4%
1951-52 3rd Johnny O'Brien Seattle
4%
2000-01 1st Joseph Forte North Carolina
4%
1991-92 3rd Malik Sealy St. John's (NY)
4%
1954-55 3rd Maurice Stokes Saint Francis (PA)
4%
1983-84 3rd Melvin Turpin Kentucky
4%
1997-98 3rd Michael Dickerson Arizona
4%
1979-80 2nd Mike Gminski Duke
4%
1978-79 2nd Mike Gminski Duke
4%
1981-82 3rd Paul Pressey Tulsa
4%
1963-64 3rd Paul Silas Creighton
4%
2020-21 3rd Quentin Grimes Houston
4%
1962-63 2nd Rod Thorn West Virginia
4%
1961-62 2nd Rod Thorn West Virginia
4%
1985-86 3rd Roy Tarpley Michigan
4%
1984-85 3rd Roy Tarpley Michigan
4%
1984-85 3rd Sam Vincent Michigan State
4%
2012-13 2nd Shane Larkin Miami (FL)
4%
1973-74 3rd Tom McMillen Maryland
4%
1972-73 3rd Tom McMillen Maryland
4%
1971-72 3rd Tom McMillen Maryland
4%
2015-16 1st Tyler Ulis Kentucky
4%
2021-22 3rd Walker Kessler Auburn
4%
1986-87 2nd Armen Gilliam Nevada-Las Vegas
3%
2021-22 2nd Bennedict Mathurin Arizona
3%
1992-93 3rd Billy McCaffrey Vanderbilt
3%
2016-17 3rd Bonzie Colson Notre Dame
3%
1954-55 3rd Buzz Wilkinson Virginia
3%
2016-17 1st Caleb Swanigan Purdue
3%
1978-79 2nd Calvin Natt Louisiana-Monroe
3%
1999-00 2nd Chris Carrawell Duke
3%
1953-54 1st Cliff Hagan Kentucky
3%
1951-52 1st Cliff Hagan Kentucky
3%
2009-10 3rd Cole Aldrich Kansas
3%
2001-02 1st Dan Dickau Gonzaga
3%
1974-75 1st Dave Meyers UCLA
3%
1986-87 2nd Dennis Hopson Ohio State
3%
1986-87 3rd Derrick Chievous Missouri
3%
1965-66 2nd Dick Snyder Davidson
3%
1960-61 2nd Doug Moe North Carolina
3%
2001-02 1st Drew Gooden Kansas
3%
1948-49 1st Ed Macauley Saint Louis
3%
1947-48 1st Ed Macauley Saint Louis
3%
1999-00 3rd Eduardo Najera Oklahoma
3%
1976-77 2nd Ernie Grunfeld Tennessee
3%
1998-99 2nd Evan Eschmeyer Northwestern
3%
1978-79 3rd Greg Kelser Michigan State
3%
2011-12 2nd Isaiah Canaan Murray State
3%
2010-11 3rd Jacob Pullen Kansas State
3%
2022-23 2nd Jalen Pickett Penn State
3%
1980-81 3rd Jeff Lamp Virginia
3%
1966-67 3rd Jim Burns Northwestern
3%
1958-59 3rd Jim Hagan Tennessee Tech
3%
1955-56 3rd Julius McCoy Michigan State
3%
1996-97 3rd Keith Booth Maryland
3%
1982-83 3rd Kenny Fields UCLA
3%
1981-82 2nd Lester Conner Oregon State
3%
1966-67 2nd Louie Dampier Kentucky
3%
1965-66 1st Louie Dampier Kentucky
3%
1989-90 1st Mahmoud Abdul-Rauf Louisiana State
3%
1988-89 1st Mahmoud Abdul-Rauf Louisiana State
3%
2012-13 3rd Nate Wolters South Dakota State
3%
2016-17 2nd Nigel Williams-Goss Gonzaga
3%
1997-98 2nd Pat Garrity Notre Dame
3%
1970-71 2nd Paul Westphal Southern California
3%
1999-00 3rd Pepe Sanchez Temple
3%
1976-77 3rd Phil Hubbard Michigan
3%
1981-82 1st Quintin Dailey San Francisco
3%
2014-15 3rd Rakeem Christmas Syracuse
3%
1969-70 1st Rick Mount Purdue
3%
1968-69 1st Rick Mount Purdue
3%
1967-68 3rd Rick Mount Purdue
3%
2013-14 1st Sean Kilpatrick Cincinnati
3%
2001-02 1st Steve Logan Cincinnati
3%
1960-61 1st Tom Stith St. Bonaventure
3%
1959-60 2nd Tom Stith St. Bonaventure
3%
1948-49 1st Alex Groza Kentucky
1%
1947-48 2nd Alex Groza Kentucky
1%
1997-98 2nd Ansu Sesay Mississippi
1%
1957-58 2nd Archie Dees Indiana
1%
1956-57 3rd Archie Dees Indiana
1%
1947-48 2nd Arnie Ferrin Utah
1%
1955-56 3rd Bill Ridley Illinois
1%
2003-04 2nd Blake Stepp Gonzaga
1%
1966-67 2nd Bobby Lloyd Rutgers
1%
1972-73 2nd Bo Lamar Louisiana-Lafayette
1%
1971-72 1st Bo Lamar Louisiana-Lafayette
1%
1971-72 3rd Bud Stallworth Kansas
1%
2001-02 2nd Casey Jacobsen Stanford
1%
2000-01 1st Casey Jacobsen Stanford
1%
2007-08 3rd Chris Lofton Tennessee
1%
2006-07 2nd Chris Lofton Tennessee
1%
1949-50 3rd Chuck Share Bowling Green State
1%
1951-52 1st Clyde Lovellette Kansas
1%
1950-51 1st Clyde Lovellette Kansas
1%
1949-50 3rd Clyde Lovellette Kansas
1%
1974-75 3rd Clyde Mayes Furman
1%
1980-81 2nd Danny Vranes Utah
1%
1978-79 1st Dave Greenwood UCLA
1%
1977-78 1st Dave Greenwood UCLA
1%
1964-65 2nd Dave Stallworth Wichita State
1%
1963-64 1st Dave Stallworth Wichita State
1%
1954-55 2nd Dick Garmaker Minnesota
1%
1990-91 2nd Eric Murdock Providence
1%
1960-61 2nd Frank Burgess Gonzaga
1%
1953-54 1st Frank Selvy Furman
1%
1952-53 2nd Frank Selvy Furman
1%
1950-51 1st Gene Melchiorre Bradley
1%
1956-57 1st Hot Rod Hundley West Virginia
1%
1955-56 2nd Hot Rod Hundley West Virginia
1%
1977-78 2nd Jack Givens Kentucky
1%
2001-02 2nd Jared Jeffries Indiana
1%
2021-22 3rd JD Notae Arkansas
1%
2012-13 3rd Jeff Withey Kansas
1%
1971-72 1st Jim Chones Marquette
1%
1964-65 3rd Johnny Austin Boston College
1%
1970-71 2nd John Roche South Carolina
1%
1969-70 2nd John Roche South Carolina
1%
1984-85 2nd Jon Koncak Southern Methodist
1%
2015-16 3rd Kay Felder Oakland
1%
2017-18 2nd Keita Bates-Diop Ohio State
1%
1978-79 3rd Kelly Tripucka Notre Dame
1%
1986-87 2nd Ken Norman Illinois
1%
2000-01 3rd Kirk Haston Indiana
1%
1979-80 1st Kyle Macy Kentucky
1%
2014-15 3rd Kyle Wiltjer Gonzaga
1%
1994-95 3rd Lawrence Moten Syracuse
1%
1991-92 3rd Lee Mayberry Arkansas
1%
1973-74 2nd Len Elmore Maryland
1%
1980-81 3rd Lewis Lloyd Drake
1%
1979-80 3rd Lewis Lloyd Drake
1%
2011-12 2nd Marcus Denmon Missouri
1%
1950-51 3rd Mel Hutchins Brigham Young
1%
1983-84 2nd Michael Cage San Diego State
1%
1957-58 3rd Mike Farmer San Francisco
1%
1975-76 1st Phil Sellers Rutgers
1%
1974-75 3rd Phil Sellers Rutgers
1%
1959-60 3rd Pickles Kennedy Temple
1%
2002-03 3rd Ron Slay Tennessee
1%
1974-75 2nd Rudy Hackett Syracuse
1%
2003-04 1st Ryan Gomes Providence
1%
2001-02 2nd Sam Clancy Southern California
1%
1979-80 3rd Sam Worthen Marquette
1%
1961-62 1st Terry Dischinger Purdue
1%
1960-61 1st Terry Dischinger Purdue
1%
1959-60 2nd Terry Dischinger Purdue
1%
1974-75 1st Ticky Burden Utah
1%
1988-89 3rd Todd Lichti Stanford
1%
1973-74 3rd Tom Burleson North Carolina State
1%
1954-55 1st Tom Gola La Salle
1%
1953-54 1st Tom Gola La Salle
1%
1952-53 1st Tom Gola La Salle
1%
1971-72 1st Tom Riker South Carolina
1%
2019-20 2nd Vernon Carey Jr. Duke
1%
1952-53 1st Walter Dukes Seton Hall
1%
1965-66 3rd Walt Wesley Kansas
1%
1991-92 2nd Adam Keefe Stanford
0%
2003-04 2nd Andre Emmett Texas Tech
0%
1991-92 2nd Anthony Peeler Missouri
0%
1953-54 3rd Arnold Short Oklahoma City
0%
1962-63 1st Art Heyman Duke
0%
1961-62 2nd Art Heyman Duke
0%
1960-61 3rd Art Heyman Duke
0%
2022-23 2nd Azuolas Tubelis Arizona
0%
1963-64 3rd Barry Kramer New York University
0%
1962-63 1st Barry Kramer New York University
0%
1971-72 2nd Barry Parkhill Virginia
0%
1964-65 2nd Bill Buntin Michigan
0%
1963-64 3rd Bill Buntin Michigan
0%
1956-57 3rd Bill Ebben Detroit
0%
1950-51 2nd Bill Garrett Indiana
0%
1961-62 1st Bill McGill Utah
0%
1960-61 2nd Bill McGill Utah
0%
1959-60 3rd Bill McGill Utah
0%
1950-51 1st Bill Mlkvy Temple
0%
1950-51 1st Bill Spivey Kentucky
0%
1949-50 3rd Bill Spivey Kentucky
0%
1955-56 2nd Bill Uhl Dayton
0%
1972-73 3rd Billy Schaeffer St. John's (NY)
0%
1955-56 3rd Bob Burrow Kentucky
0%
1954-55 3rd Bob Burrow Kentucky
0%
1952-53 1st Bob Houbregs Washington
0%
1951-52 3rd Bob Houbregs Washington
0%
1953-54 3rd Bob Mattick Oklahoma State
0%
1974-75 3rd Bob McCurdy Richmond
0%
1952-53 3rd Bob Speight North Carolina State
0%
1966-67 2nd Bob Verga Duke
0%
1965-66 2nd Bob Verga Duke
0%
1966-67 3rd Butch Beard Louisville
0%
1956-57 2nd Charlie Tyra Louisville
0%
1951-52 1st Chuck Darling Iowa
0%
2013-14 3rd C.J. Fair Syracuse
0%
1966-67 1st Clem Haskins Western Kentucky
0%
1970-71 3rd Cliff Meely Colorado
0%
1970-71 2nd Curtis Rowe UCLA
0%
1986-87 3rd Dallas Comegys DePaul
0%
1981-82 3rd Dan Callandrillo Seton Hall
0%
2009-10 3rd Darington Hobson New Mexico
0%
1959-60 1st Darrall Imhoff California
0%
1977-78 2nd Dave Corzine DePaul
0%
1970-71 2nd Dave Robisch Kansas
0%
1965-66 1st Dave Schellhase Purdue
0%
1964-65 2nd Dave Schellhase Purdue
0%
1968-69 3rd Dave Scholz Illinois
0%
1968-69 3rd Dave Sorenson Ohio State
0%
1970-71 1st Dean Meminger Marquette
0%
1973-74 3rd Dennis DuVal Syracuse
0%
1954-55 3rd Dick Boushka Saint Louis
0%
1949-50 2nd Dick Dickey North Carolina State
0%
1947-48 3rd Dick Dickey North Carolina State
0%
1951-52 1st Dick Groat Duke
0%
1950-51 2nd Dick Groat Duke
0%
1954-55 2nd Dick Hemric Wake Forest
0%
1953-54 3rd Dick Hemric Wake Forest
0%
1959-60 3rd Dick Hickox Miami (FL)
0%
1952-53 2nd Dick Knostman Kansas State
0%
1951-52 3rd Dick Knostman Kansas State
0%
1954-55 1st Dick Ricketts Duquesne
0%
1953-54 2nd Dick Ricketts Duquesne
0%
1949-50 1st Dick Schnittker Ohio State
0%
1948-49 3rd Dick Schnittker Ohio State
0%
1948-49 2nd Dike Eddleman Illinois
0%
1947-48 2nd Dike Eddleman Illinois
0%
1958-59 2nd Don Hennon Pittsburgh
0%
1957-58 1st Don Hennon Pittsburgh
0%
1949-50 2nd Don Lofgran San Francisco
0%
1947-48 3rd Donnie Forman New York University
0%
1949-50 3rd Don Rehfeldt Wisconsin
0%
1954-55 2nd Don Schlundt Indiana
0%
1953-54 1st Don Schlundt Indiana
0%
1952-53 2nd Don Schlundt Indiana
0%
1972-73 1st Ed Ratleff Long Beach State
0%
1971-72 1st Ed Ratleff Long Beach State
0%
1982-83 3rd Ennis Whatley Alabama
0%
1952-53 1st Ernie Beck Pennsylvania
0%
2019-20 3rd Filip Petrusev Gonzaga
0%
1953-54 2nd Frank Ramsey Kentucky
0%
1951-52 2nd Frank Ramsey Kentucky
0%
1950-51 3rd Frank Ramsey Kentucky
0%
1964-65 1st Fred Hetzel Davidson
0%
1963-64 2nd Fred Hetzel Davidson
0%
1950-51 2nd Gale McArthur Oklahoma State
0%
1963-64 1st Gary Bradds Ohio State
0%
1962-63 1st Gary Bradds Ohio State
0%
1947-48 2nd George Kaftan Holy Cross
0%
1947-48 3rd George Kok Arkansas
0%
1988-89 3rd George McCloud Florida State
0%
1965-66 3rd Hank Finkel Dayton
0%
1963-64 3rd Howard Komives Bowling Green State
0%
2004-05 2nd Ike Diogu Arizona State
0%
1961-62 3rd Jack Foley Holy Cross
0%
2023-24 3rd Jaedon LeDee San Diego State
0%
2021-22 3rd James Akinjo Baylor
0%
2015-16 3rd Jarrod Uthoff Iowa
0%
2002-03 2nd Jason Gardner Arizona
0%
2001-02 3rd Jason Gardner Arizona
0%
1987-88 2nd Jeff Grayer Iowa State
0%
1962-63 1st Jerry Harkness Loyola (IL)
0%
1956-57 3rd Jim Ashmore Mississippi State
0%
1952-53 3rd Jim Bredar Illinois
0%
1956-57 2nd Jim Krebs Southern Methodist
0%
1948-49 3rd Jim McIntyre Minnesota
0%
1947-48 1st Jim McIntyre Minnesota
0%
1969-70 3rd Jim McMillian Columbia
0%
1962-63 3rd Jimmy Rayl Indiana
0%
1961-62 3rd Jimmy Rayl Indiana
0%
2017-18 2nd Jock Landale Saint Mary's
0%
1955-56 3rd Joe Holup George Washington
0%
1958-59 3rd Joe Ruklick Northwestern
0%
2016-17 2nd Johnathan Motley Baylor
0%
1950-51 3rd John Azary Columbia
0%
1970-71 2nd Johnny Neumann Mississippi
0%
1982-83 3rd John Pinone Villanova
0%
1961-62 2nd John Rudometkin Southern California
0%
1960-61 3rd John Rudometkin Southern California
0%
1973-74 1st John Shumate Notre Dame
0%
1979-80 3rd John Stroud Mississippi
0%
1969-70 3rd John Vallely UCLA
0%
2019-20 3rd Jordan Nwora Louisville
0%
2002-03 3rd Keith Bogans Kentucky
0%
1964-65 3rd Keith Erickson UCLA
0%
1974-75 2nd Kevin Grevey Kentucky
0%
1972-73 2nd Kevin Joyce South Carolina
0%
1981-82 1st Kevin Magee California-Irvine
0%
1980-81 1st Kevin Magee California-Irvine
0%
1949-50 1st Kevin O'Shea Notre Dame
0%
1948-49 3rd Kevin O'Shea Notre Dame
0%
1947-48 1st Kevin O'Shea Notre Dame
0%
2014-15 3rd Kevin Pangos Gonzaga
0%
1973-74 2nd Larry Fogle Canisius
0%
1956-57 3rd Larry Friend California
0%
1952-53 3rd Larry Hennessy Villanova
0%
1951-52 3rd Larry Hennessy Villanova
0%
1960-61 3rd Larry Siegfried Ohio State
0%
1997-98 3rd Lee Nailon Texas Christian
0%
1959-60 3rd Lee Shaffer North Carolina
0%
1961-62 1st Len Chappell Wake Forest
0%
1956-57 1st Lennie Rosenbluth North Carolina
0%
1955-56 2nd Lennie Rosenbluth North Carolina
0%
1958-59 2nd Leo Byrd Marshall
0%
1957-58 2nd Lloyd Sharrar West Virginia
0%
1958-59 2nd Lou Pucillo North Carolina State
0%
1963-64 1st Mahdi Abdul-Rahman UCLA
0%
1962-63 2nd Mahdi Abdul-Rahman UCLA
0%
1951-52 1st Mark Workman West Virginia
0%
1950-51 3rd Mark Workman West Virginia
0%
1965-66 2nd Matt Guokas Saint Joseph's
0%
1963-64 2nd Mel Counts Oregon State
0%
2013-14 2nd Melvin Ejim Iowa State
0%
1972-73 3rd Mike Bantom Saint Joseph's
0%
1969-70 3rd Mike Maloy Davidson
0%
1968-69 2nd Mike Maloy Davidson
0%
1975-76 2nd Mitch Kupchak North Carolina
0%
1951-52 2nd Monk Meineke Dayton
0%
1947-48 1st Murray Wier Iowa
0%
2006-07 2nd Nick Fazekas Nevada
0%
2005-06 3rd Nick Fazekas Nevada
0%
1962-63 3rd Nick Werkman Seton Hall
0%
1952-53 2nd Paul Ebert Ohio State
0%
1961-62 3rd Paul Hogue Cincinnati
0%
1949-50 1st Paul Unruh Bradley
0%
1957-58 2nd Pete Brennan North Carolina
0%
1948-49 1st Ralph Beard Kentucky
0%
1947-48 1st Ralph Beard Kentucky
0%
1979-80 2nd Ray Blume Oregon State
0%
1951-52 3rd Ray Steiner Saint Louis
0%
2002-03 3rd Reece Gaines Louisville
0%
1972-73 3rd Richie Fuqua Oral Roberts
0%
1971-72 3rd Richie Fuqua Oral Roberts
0%
1970-71 3rd Rich Yunkus Georgia Tech
0%
1977-78 3rd Rick Robey Kentucky
0%
1951-52 2nd Rod Fletcher Illinois
0%
2005-06 2nd Rodney Carney Memphis
0%
1960-61 1st Roger Kaiser Georgia Tech
0%
1959-60 2nd Roger Kaiser Georgia Tech
0%
1963-64 2nd Ron Bonham Cincinnati
0%
1962-63 1st Ron Bonham Cincinnati
0%
1978-79 2nd Ronnie Lester Iowa
0%
1955-56 2nd Ron Shavlik North Carolina State
0%
1954-55 2nd Ron Shavlik North Carolina State
0%
1966-67 2nd Ron Widby Tennessee
0%
1950-51 1st Sam Ranzino North Carolina State
0%
1949-50 2nd Sam Ranzino North Carolina State
0%
2013-14 3rd Scottie Wilbekin Florida
0%
2014-15 2nd Seth Tuttle Northern Iowa
0%
1996-97 3rd Shea Seals Tulsa
0%
1964-65 2nd Skip Thoren Illinois
0%
1966-67 3rd Sonny Dove St. John's (NY)
0%
1989-90 3rd Steve Scheffler Purdue
0%
1982-83 2nd Steve Stipanovich Missouri
0%
1975-76 3rd Terry Furlow Michigan State
0%
1981-82 2nd Terry Teagle Baylor
0%
1965-66 3rd Thad Jaracz Kentucky
0%
1953-54 3rd Togo Palazzi Holy Cross
0%
1957-58 3rd Tommy Kearns North Carolina
0%
1962-63 2nd Tom Thacker Cincinnati
0%
1948-49 1st Tony Lavelli Yale
0%
1947-48 2nd Tony Lavelli Yale
0%
1962-63 3rd Tony Yates Cincinnati
0%
2017-18 2nd Trevon Bluiett Xavier
0%
1948-49 2nd Vern Gardner Utah
0%
1948-49 1st Vince Boryla Denver
0%
1964-65 1st Wayne Estes Utah State
0%
2004-05 1st Wayne Simien Kansas
0%
2003-04 3rd Wayne Simien Kansas
0%
1950-51 3rd Whitey Skoog Minnesota
0%
1949-50 2nd Whitey Skoog Minnesota
0%
1948-49 3rd Whitey Skoog Minnesota
0%
1985-86 3rd William Bedford Memphis
0%
1955-56 3rd Willie Naulls UCLA
0%
1960-61 3rd York Larese North Carolina
0%
1958-59 3rd York Larese North Carolina
0%
1951-52 2nd Zeke Zawoluk St. John's (NY)
0%
1950-51 2nd Zeke Zawoluk St. John's (NY)
0%
No matching quizzes found
Score Distribution
Percent of People with Each Score
Percentile by Number Answered
Your Score History
You have not taken this quiz